Paroles - Florent Pagny - Liberté de penser - Statistiques

Statistiques générales
  • Ce quiz a été pris 533 fois
  • Le résultat moyen est 191 sur 261
Statistiques - réponses
Paroles % Correct
De
100%
de
100%
à
99%
a
99%
à
99%
liberté
99%
Ma
99%
ma
99%
penser
99%
la
98%
le
98%
Le
98%
le
98%
vous
97%
Vous
97%
pas
96%
et
95%
Et
95%
télé
95%
tout
95%
Tout
95%
mes
94%
mon
94%
n'aurez
94%
prenez
94%
Prenez
94%
ça
93%
Ca
93%
mais
92%
c'est
87%
les
87%
Les
87%
prendre,
87%
au
86%
fait
85%
Quitte
85%
déjà
84%
gosses
84%
Je
84%
je
84%
voiture
82%
canapé
81%
femme,
81%
frigidaire
81%
Diable
79%
est
79%
âme
78%
Avec
75%
on
75%
vendre
74%
peut
71%
négociable,
70%
négociable
70%
pour
69%
Pour
69%
bien
68%
bien
68%
lui,
68%
n'oubliez
67%
s'arranger
67%
même
66%
sous
66%
toute
66%
façon
65%
que
65%
y
65%
bancaires
64%
interdits
64%
Puisqu'ici
64%
révolver,
64%
vie
64%
bonne
63%
Non
63%
peux
62%
brosse
60%
dents,
60%
l'étagère
60%
planqué
60%
donne
59%
micro-ondes,
59%
vos
59%
découvert
58%
humeur
58%
valeur
58%
disques
57%
moi
57%
shit
57%
Si
57%
des
56%
jusqu'à
55%
privée
55%
d'la
54%
d'or
54%
yeux
54%
p'tites
51%
conscience
50%
rien
50%
rien
50%
en
48%
corps
47%
c'qu'à
47%
lit,
47%
pouvez
47%
science
47%
sur
47%
c'qui
46%
donner
46%
plus
45%
cuillères,
43%
faire
42%
l'Abbé
42%
Pierre
42%
J'préfère
41%
j'préfère
41%
n'ai
41%
beau
40%
table
40%
parte
38%
suis
38%
affaires
37%
qu'ça
37%
sont
37%
longtemps
36%
oranges
36%
prélever
36%
chose
35%
compte
35%
J'peux
35%
aller
34%
fais
34%
quelque
34%
cadeau
33%
j'en
33%
qu'elles
33%
jvous
31%
pyjama
31%
rayé,
31%
enfer,
30%
garder,
30%
S'il
30%
trouées
30%
capable
29%
dont
29%
poches
29%
s'arrangent
29%
Baisser
27%
froc,
27%
offert
27%
vider
27%
l'paradis
25%
j'emporterai
23%
juste
22%
J'prends
19%
solder
19%
Aucun quiz correspondant
Distribution des résultats
% des personnes avec chaque résultat
Percentile par nombre de réponses
Votre historique - résultats
Vous n’avez pas pris ce quiz